000 00530ntaaa2200205 4500
003 01
005 20251027203105.0
008 0714s1973 ag 01
040 _aAR-BaBN
_bspa
_cAR-BaBN
_eaacr
_dRIC
082 _a220.3000 P66
100 _aPirot, Louis
_932285
245 _aDictionnaire de la Bible
250 _a1 ed.
260 _aParis :
_bLibrairie Letouzey at Ane,
_c1928-1955
300 _a4 t; 6 suplementos
650 _aBiblia-Diccionario
700 _aCazelles,
_932286
700 _aRobert,
_932287
942 _cBK
999 _c26298
_d26298